000 00242nam a2200097Ia 4500
001 715355
005 20250826162923.0
008 250824s9999 xx 000 0 und d
245 0 _aRUH ÜŞÜMESİ
_cADALET AĞAOĞLU
260 _bEVEREST YAYINLARI
999 _c715355
_d715355